LEADER 00632nam0-22002411i-450- 001 990001198060403321 005 20051012135156.0 035 $a000119806 035 $aFED01000119806 035 $a(Aleph)000119806FED01 035 $a000119806 100 $a20001205d1904----km-y0itay50------ba 101 0 $aeng 200 1 $aPrimary Arithmetic$fby Smith H. 210 $as.l.$cGinn & Company$d1904 700 1$aSmith,$bDavid Eugene$050630 801 0$aIT$bUNINA$gRICA$2UNIMARC 901 $aBK 912 $a990001198060403321 952 $a206-G-13$b04043$fMA1 959 $aMA1 996 $aPrimary Arithmetic$9341860 997 $aUNINA LEADER 01116nam0 22002171i 450 001 UON00184885 005 20231205103149.69 100 $a20030730d1973 |0itac50 ba 101 $ager 102 $aGW 105 $a|||| 1|||| 200 1 $aKartell-und monopolpolitik im kaiserlichen Deutschland. Das problem der Markmac ht im deutschen Reichstag zwischen 1879 und 1914$fFritz Blaich$eherausgegeben von der Kommission fur Geschichte des Parlamentarismus und der politischen parte ien 210 $aDusseldorf$cDroste$d1973 - 329 p. ; 23 cm 606 $aGERMANIA$xStoria economica$xSec. 19.-20.$3UONC037568$2FI 700 1$aBLAICH$bFritz$3UONV107236$00 801 $aIT$bSOL$c20240220$gRICA 899 $aSIBA - SISTEMA BIBLIOTECARIO DI ATENEO$2UONSI 912 $aUON00184885 950 $aSIBA - SISTEMA BIBLIOTECARIO DI ATENEO$dSI III STORIAEUR D A 0493 $eSI SC 2103 5 0493 996 $aKartell-und monopolpolitik im kaiserlichen Deutschland. Das problem der Markmac ht im deutschen Reichstag zwischen 1879 und 1914$93897531 997 $aUNIOR